Tổ chức và hoạt động của nghị viện ở một số nước trên thế giới

Gardado en:
Detalles Bibliográficos
Autor Principal: Vũ Hồng Anh
Formato: Libro
Idioma:Undetermined
Publicado: Hà Nội Chính Trị Quốc Gia 2001
Những chủ đề:
Các nhãn: Engadir etiqueta
Sen Etiquetas, Sexa o primeiro en etiquetar este rexistro!
Thư viện lưu trữ: Trung tâm Học liệu Trường Đại học Cần Thơ
LEADER 00562nam a2200169Ia 4500
001 CTU_44274
008 210402s9999 xx 000 0 und d
082 |a 352.239 
082 |b A107 
100 |a Vũ Hồng Anh 
245 0 |a Tổ chức và hoạt động của nghị viện ở một số nước trên thế giới 
245 0 |c Vũ Hồng Anh 
260 |a Hà Nội 
260 |b Chính Trị Quốc Gia 
260 |c 2001 
650 |a deputy chief executives 
980 |a Trung tâm Học liệu Trường Đại học Cần Thơ